000 02409cam a22001934a 4500
005 20250605164341.0
008 250528s ||||||||||||||||||||||||d
035 _a23612
040 _aGR-AtMCL
_bgre
_dGR-AtMCL
_eAACR2
245 1 _aΕισαγωγή Γενόσημων Φαρμάκων στην Ελληνική Αγορά./Ο Ρόλος της Φήμης της Φαρμακευτικής Εταιρίας (Corporate Repuation) που Εισάγει το Φάρμακο και η Συνταγογραφική Συμπεριφορά των Γιατρών.
260 _c2016
300 _a124
520 _aΕισαγωγή, Ορισμός και Ταξινομήσεις Φαρμάκων, Φαρμακευτικό Marketing, Γενικοί Παράγοντες Επιρροής Συνταγογράφησης των Γιατρών, Ειδικοί Παράγοντες Επιρροής Συνταγογράφησης των Γιατρών, η Επίδραση του Ιατρικού Επισκέπτη στη Συνταγογραφική Συμπεριφορά των Γιατρών, ο Ρόλος του Ασθενή στη Συνταγογραφική Συμπεριφορά των Γιατρών, ο Ρόλος του Branding στη Συνταγογραφική Συμπεριφορά των Γιατρών, Γιατροί και Γενόσημα Φάρμακα, η Επίδραση των Opinion Leaders στη Συνταγογραφική Συμπεριφορά των Γιατρών, Εταιρική Φήμη, Ορισμός και Σημασία της Εταιρικής Φήμης, ο Φαρμακευτικός Κλάδος στην Ελλάδα, Γενικές Πληροφορίες για τον Κλάδο, Ανάλυση Μικροπεριβάλλοντος PEST του Φαρμακευτικού Κλάδου, Ανάλυση SWOT Φαρμακευτικού Κλάδου, Ανάλυση 5 Δυνάμεων του Porter, Φιλοσοφία της Έρευνας, Μέθοδος Συλλογής Στοιχείων, Ηθικές Προεκτάσεις Έρευνα, Συμπεράσματα, Προτάσεις, Προσωπικός Αναστοχασμός, Βιβλιογραφία, Παράρτημα.
700 1 _aΖυγογιάννης Χρήστος
_99201
700 1 _aΛουκοπούλου Αποστολία
_99195
942 _cDS
999 _c8612
_d8612